00336pab a2200121 454500008004000000100002100040245006700061260000900128300001300137362001000150650002000160773003400180180718b2017 xxu||||| |||| 00| 0 eng d aDesai, Bharat H. aSurgical strikes' by India: taking international law seriously c2017 ap.21-24. a4 Feb aSurgical Strike aEconomic and Political Weekly